Внешняя политика России ХІХ и начала ХХ века (Запис № 373912)

МАРК-запис
000 -Лідер
fixed length control field 00664nam a22002297a 4500
001 - Контрольний номер
control field 87522
003 - Ідентифікатор контрольного номера
control field UA-OsUOA
005 - Дата та час останнього входження (трансакції)
control field 20211115225456.0
007 - Фіксоване поле фізичного опису
fixed length control field ta
008 - Елементи даних фіксованої довжини – загальна інформація
fixed length control field 20120919b un ||||| |||| 00| 0 ukr d
040 ## - Джерело каталогізації
Агенція оригінальної каталогізації UA-OsUOA
Мова каталогізації rus
Агенція, яка здійснювала перезапис UA-OsUOA
Агенція, яка здійснювала модифікацію UA-OsUOA
041 ## - Код мови
Код мови тексту/ звукової доріжки чи окремого заголовка (П) rus
080 ## - Індекс Універсальної десяткової класифікації
Індекс Універсальної десяткової класифікації (УДК) (НП) 94 (47+571)
090 ## - Локальний шифр розміщення
Класифікаційний індекс УДК 94 (47+571)
Авторський знак (НП) В 60
245 ## - Відомості про назву
Назва (НП) Внешняя политика России ХІХ и начала ХХ века
260 ## - Публікація, розповсюдження і т.п. (Вихідні дані)
Місце публікації, розповсюдження і т.п. (П) М.
Ім’я/ наймення видавництва, розповсюджувача і т.п. (П) Наука
Дата публікації, розповсюдження і т.п. (П) 1985
300 ## - Фізичний опис
Обсяг 927 с.
505 ## - Форматована примітка про зміст
Змішана інформація Т. 6 (четырнадцятый)
Назва январь 1825 г. - декабрь 1826 г.
650 #7 - Додаткове предметне введення – тематичний термін
Тематичний термін чи географічна назва, як елемент введення (НП) 94 Історія
Джерело заголовка чи терміна UDC
942 ## - Додаткові елементи входу (Коха)
Тип елемента Koha Книги
Source of classification or shelving scheme Universal Decimal Classification
955 ## - Код типу видання за змістом
Код типу видання за змістом (НП) Науково-популярні видання
Фонди
Стан вилучень Стан втрат Джерело класифікації або схеми стелажів Стан уражень Не для кредиту Постійне місце розташування Поточне розміщення Дата придбання Послідовне перерахування / хронологія Інвентарний номер Повний номер виклику Штрих-код Дата останнього перегляду Ціна ефективна від Тип елемента Koha
    Universal Decimal Classification     ЧЗ - Читальна зала ЧЗ - Читальна зала 19/09/2012 т. 6 90198 94(47+571) В 60 90198 07/02/2022 19/09/2012 Книги
    Universal Decimal Classification     ЧЗ - Читальна зала ЧЗ - Читальна зала 19/09/2012 т. 6 90201 94(47+571) В 60 90201 07/02/2022 19/09/2012 Книги